Warrior cats nose names - Statistics

General Stats
  • This quiz has been taken 87 times
  • The average score is 9 of 28
Answer Stats
% Correct
Berrynose
79%
Runningnose
71%
Dew nose
50%
Dewnose
50%
Owlnose
43%
Pinenose
43%
Flashnose
36%
Pebblenose
36%
Petalnose
36%
Willownose
36%
Beenose
29%
Beetlenose
29%
Dapplenose
29%
Foxnose
29%
Mallownose
29%
Pearnose
29%
Sagenose
29%
Sandynose
29%
Whiskernose
29%
Dusk nose
21%
Flamenose
21%
Fognose
21%
Gravelnose
21%
Hickorynose
21%
Olivenose
21%
Pricklenose
21%
Splashnose
21%
Spotnose
21%
No matching quizzes found
Score Distribution
Percent of People with Each Score
Percentile by Number Answered
Your Score History
You have not taken this quiz